The "Malaysia" issue before the United Nations Security Council. (Record no. 66624)

MARC details
000 -LEADER
fixed length control field 00883cam a22002291 4500
001 - CONTROL NUMBER
control field sa 65010208
003 - CONTROL NUMBER IDENTIFIER
control field DLC
005 - DATE AND TIME OF LATEST TRANSACTION
control field 20260227112207.0
008 - FIXED-LENGTH DATA ELEMENTS--GENERAL INFORMATION
fixed length control field 920727s1964 io 000 0 ind
010 ## - LIBRARY OF CONGRESS CONTROL NUMBER
LC control number sa 65010208
035 ## - SYSTEM CONTROL NUMBER
System control number (OCoLC)26268990
040 ## - CATALOGING SOURCE
Original cataloging agency DLC
Transcribing agency CU
Modifying agency DLC
042 ## - AUTHENTICATION CODE
Authentication code premarc
050 00 - LIBRARY OF CONGRESS CALL NUMBER
Classification number DS640.M34
Item number T5
100 1# - MAIN ENTRY--PERSONAL NAME
Personal name Tjondronegoro, Sudjarwo,
Dates associated with a name 1914-
245 15 - TITLE STATEMENT
Title The "Malaysia" issue before the United Nations Security Council.
Statement of responsibility, etc. Complete text of addresses delivered by Sudjarwo Tjondronegoro, Indonesian chief delegate to the United Nations Security Council during the debate on "Malaysia" from 9 September-17 September 1964.
260 ## - PUBLICATION, DISTRIBUTION, ETC.
Place of publication, distribution, etc. [Djakarta,
Date of publication, distribution, etc. cover 1964]
300 ## - PHYSICAL DESCRIPTION
Extent 86 p.
Dimensions 24 cm.
651 #0 - SUBJECT ADDED ENTRY--GEOGRAPHIC NAME
Geographic name Indonesia
General subdivision Foreign relations
Geographic subdivision Malaysia.
651 #0 - SUBJECT ADDED ENTRY--GEOGRAPHIC NAME
Geographic name Malaysia
General subdivision Foreign relations
Geographic subdivision Indonesia.
710 2# - ADDED ENTRY--CORPORATE NAME
Corporate name or jurisdiction name as entry element United Nations.
Subordinate unit Security Council.

No items available.

Powered by Koha